| 000 | 00425cam a22001217a 4500 | ||
|---|---|---|---|
| 008 | 180718b1981 xxu||||| |||| 00| 0 eng d | ||
| 082 | _aB142x54 Sh84r | ||
| 245 |
_aReport of the National Conference on Women's University _cby Shreemati Nathibai Damodar Thackersey |
||
| 260 |
_aBombay _bSNDT Women's University _c1981 |
||
| 300 | _a98p. | ||
| 650 | _aWomen - Legal status - India. | ||
| 700 | _aIndia. S.N.D.T. Women's University | ||
| 999 |
_c354544 _d354544 |
||